| 000 | 01475 a2200181 4500 | ||
|---|---|---|---|
| 003 | Nust | ||
| 005 | 20221208120718.0 | ||
| 020 | _a9780070151406 | ||
| 040 | _cNust | ||
| 082 | _a621.382,MIS | ||
| 100 |
_aITI Saha Misra _9104449 |
||
| 245 |
_aWireless Communications and Networks 3G and Beyond / _cITI Saha Misra |
||
| 260 |
_aNew Delhi _bTata McGraw Hill Education Private Limited _c2009 |
||
| 300 | _axi,390,p | ||
| 505 | _aIntroduction for Wireless communication and Networks (Page-1), Cellular Mobile Wireless Networks: Systems & Design Fundamentals and Propagation Path Loss Models (Page-5), Evolution of Modern Mobile Wireless Communication Systems (Page-48), Multiple Access Techniques in Wireless Communications (Page-67), Second Generation Mobile Networks GSM: Architecture and Protocols (Page-88), Networks--General Packet Radio Services (GPRS) (Page-110), Overview of CDMA Based IS--95 2G Cellular Networks (Page-141), 3G- Universal Mobile Telecommunication Systems (UMTS) (Page-155), Overview of Internet Protocol and Mobile Internet Protocol (Page-180), Mobility Management Issues: Role of IP on Wireless Networks (Page-206), Fundamentals of Wireless Local Area Networks (Page-243), Cellular and WLAN Integration : Heterogeneous Network Architecture, Step towards 4G Networks (Page-268), Overview of Wi Max Technologies: Broadband Wireless Communication (Page-301), | ||
| 600 |
_aWireless Communications And Networks 3G and Beyond _9104450 |
||
| 942 |
_2ddc _cBK |
||
| 999 |
_c189465 _d189465 |
||